00731nam a2200205 a 4500008004100000100002600041245015800067246004400225260004700269300001400316300002600330500004100356500002000397650002600417700002700443700002800470003000100498005001700499040000900516 1 aTodd, James Campbell.10aClinical diagnosis by laboratory methods : A working manual of clinical pathology / James Cmpbell Todd, Arthur Hawley Sanford and George Giles Stilwell.  aA working manual of clinical pathology. aPhiladelphia : bSaunders Company ;c1948. a11 th ed. axi, 954 p. ; c24 cm. aIncludes bibliographical references. aIncludes index. aDiagnosis Laboratory. aSanford, Athur Hawley. aStilwell, Giles George.20230120203955.0 cNUST